| 000 | 00727cab a2200217 4500 | ||
|---|---|---|---|
| 001 | ABS47318 | ||
| 008 | 090401t1992 xxu||||| |||| 00| 0 eng d | ||
| 035 | _a(Sirsi) u61594 | ||
| 041 | _aeng | ||
| 100 | _aWhitmore, J. | ||
| 245 | _aBernard Thorpe and DTC propose a winning formula | ||
| 260 | _c1992 | ||
| 350 | _a0 | ||
| 490 |
_aChartered Surveyor Weekly _v41(2) 8 October 1992, 24-25(2) |
||
| 520 | _aAnalysis of the proposed merger between Debenham Tewson and Chinnocks and Bernard Thorpe looking at the reasons for it and likelihood of success. | ||
| 650 | _aABOUT RICS-RICS MEMBERS | ||
| 650 | _aMERGERS | ||
| 690 | _aMANAGEMENT-BUSINESS MANAGEMENT-PROFESSIONAL PRACTICE | ||
| 942 | _n0 | ||
| 948 | _c04/03/1997 | ||
| 999 |
_c38192 _d38192 |
||